000 00314nam a2200133Ia 4500
008 240624s9999 xx 000 0 und d
041 _aeng
082 _a823 FOL
100 _aFOLLETT KEN
245 _aEDGE OF ETERNITY
260 _c2014
_aNew Delhi
_bPan Macmillan India
300 _a640 : p.
365 _cRS
_b25
999 _c23624
_d23624